|
|
|
|
| LEADER |
00000nab a2200000 a 4500 |
| 001 |
vtls000412599 |
| 003 |
SK-MaSNL |
| 005 |
20260305000401.0 |
| 008 |
160201c1988 xo 0 slo |
| 015 |
|
|
|a SNBRA19rr/mm-uuuuu
|
| 035 |
|
|
|a CL0412724
|
| 040 |
|
|
|a SNKBUCL
|b slo
|c SNKBUCL
|e AACR2
|
| 041 |
0 |
|
|a slo
|
| 044 |
|
|
|a xo
|c SK
|
| 080 |
|
|
|a 625.745.1:620:53.083
|2 1981
|
| 080 |
|
|
|a 620
|2 1981
|
| 080 |
|
|
|a 53.083
|2 1981
|
| 080 |
|
|
|a 624.5
|2 1981
|
| 080 |
|
|
|a 624.2/.8
|2 1981
|
| 080 |
|
|
|a 624.074.1
|2 1981
|
| 100 |
1 |
|
|a Jávor, Tibor,
|d 1931-2000
|4 aut
|9 191908
|
| 245 |
1 |
0 |
|a Analýza stavu pretvorenia zaveseného mosta v Poděbradoch
|c Tibor Javor
|
| 300 |
|
|
|b Obr. 1. Graf. 2.
|
| 650 |
0 |
7 |
|a železničné mosty
|2 snkbucl
|9 85464
|
| 650 |
0 |
7 |
|a zavesené mosty
|2 snkbucl
|9 79595
|
| 650 |
0 |
7 |
|a mostné konštrukcie
|2 snkbucl
|9 74313
|
| 655 |
|
7 |
|a články zo zborníkov
|2 snkbucl
|9 166140
|
| 773 |
0 |
|
|t Diagnostika betónových konštrukcií
|d Žilina : Dom techniky ČSVTS, 1988
|g S. 123-126
|
| 850 |
|
|
|a Slovenská národná knižnica v Martine
|a MTA001
|
| 852 |
|
|
|a SNK
|b KIS3GCP
|
| 958 |
|
|
|a RK
|
| 958 |
|
|
|a CZ
|
| 992 |
|
|
|a RZB
|
| 999 |
|
|
|c 3213413
|d 3215343
|